|
|
|
|
| LEADER |
00000ckmaa2200000 a 4500 |
| 001 |
vtls010106640 |
| 003 |
SK-MaSNL |
| 005 |
20260425235612.0 |
| 007 |
kf bo |
| 008 |
230802q1919 xo ||00 k|hun |
| 015 |
|
|
|a SNBG1919
|
| 035 |
|
|
|a A06D3A31-1FEC-4999-8E28-A11C65E584E1
|
| 035 |
|
|
|a urn:nbn:sk:snk-km001muo
|
| 035 |
|
|
|a urn:nbn:sk:snk-kmti3x
|
| 040 |
|
|
|a SNKLA
|b slo
|c SNKLA
|e AACR2
|
| 041 |
0 |
|
|a hun
|a ger
|
| 044 |
|
|
|a xo
|c SK
|
| 245 |
0 |
0 |
|a Trencsénteplicz Fürdő
|h [grafika]
|b Park
|
| 246 |
1 |
1 |
|a Bad Trencsénteplicz
|b Pavillon
|
| 260 |
|
|
|a Bad Trencsénteplicz fürdő
|b Wertheim Zsigmond
|c [1919?]
|
| 300 |
|
|
|a 1 pohľadnica
|b čiernobiela
|c 9x14 cm
|
| 610 |
2 |
7 |
|a Trenčianske Teplice (Slovensko : kúpele)
|2 SNKLA
|9 187705
|
| 651 |
|
7 |
|a Trenčianske Teplice (Slovensko)
|2 SNKPH
|9 14503
|
| 651 |
|
7 |
|a Slovensko
|2 SNKPH
|9 14231
|
| 655 |
|
7 |
|a geografické pohľadnice
|2 SNKPH
|9 70522
|
| 752 |
|
|
|a Slovensko
|d Trenčianske Teplice
|
| 852 |
|
|
|a Slovenská národná knižnica
|b Literárny archív
|
| 958 |
|
|
|a GC
|
| 958 |
|
|
|a BLA
|
| 999 |
|
|
|c 833813
|d 835743
|
| 952 |
|
|
|a SNKLA
|b SNKLA
|c SNKLA_DEP
|y NEVYP
|7 0
|p 17A0647424
|o snkLA 3877/1970
|0 0
|1 0
|4 0
|d 2014-08-27
|f 1
|l 0
|r 2026-02-24 03:46:11
|w 2026-02-24
|